000 00318pab a2200133 454500
008 180718b xxu||||| |||| 00| 0 eng d
100 _aDevarajan, R
245 _aThe new industrial policy and the budget
650 _a Policy
650 _a Budget
650 _aIndustry
773 _aChartered Accountant
909 _a2383
999 _c2383
_d2383